000 04173ncm0a2200433 4500
001 RU\NLR\ONIZ\297042
005 20250625024840.0
013 _a97-0-9003278-4-0
021 _aRU
_b2021-000385
_92021-НО-П-26
035 _a(NLR Aleph) 016285610
090 _a12929304
_c12929304
100 _a20221219d2021 |||y0rusy50 ca
101 0 _arus
_achm
102 _aRU
125 _aa|
128 _ali
145 0 _aa
200 1 _aПусть с песней крылья вырастают
_bНоты
_eсборник песен
_e[для пения с букв.-цифр. обозн. сопровожд.]
_fС. С. Луничкина
203 _aМузыка
_bзнаковая
_bвизуальная
_cнепосредственная
210 _aЙошкар-Ола
_cИздательский дом "Марийское книжное издательство"
_d2021
215 _a48 с.
_cил., фотопортр.
_d29 см
300 _aКрат. биогр. справка: с. 4 обл.
313 _aСистематизация документа проведена по изданию - Методика классифицирования музыкальных произведений (нотных изданий) по таблицам Библиотечно-библиографических классификаций : метод. рекомендации / Гос. б-ка СССР им. В.И. Ленина.- М., 1977. Индексу ББК методических рекомендаций присваивается код ББК для научных библиотек - LBC/SL
327 0 _aСодерж.: 1. Родина / слова Н. Барышниковой ; 2. Россия / слова В. Доронина ; 3. Песня о России / слова А. Чуркина ; 4. В едином союзе : гимн Килемарского района / слова В. Жирова ; 5. Земля предков : гимн межрегионального фольклорно-этнографического праздника "Земля предков" / слова В. Барышниковой ; 6. Гимн марафона / слова Н. Барышниковой ; 7. Килемары / слова В. Пахмутовой ; 8. Родной край / слова Р. Лукьяновой ; 9. Äтям - ветеран / шамакшы Л. Хлебникован ; 10. Цветок Марий Эл / слова А. Булкина ; 11. Килемарский край / слова Л. Хлебниковой ; 12. Берёзовый край : килемарский край / слова В. Жирова ; 13. Килемары не столица / слова В. Жирова ; 14. "Раздолье" лымäн кäным вäр / шамакшы Л. Хлебникован ; 15. Соловьи / слова В. Доронина ; 16. Родная школа / слова Н. Барышниковой ; 17. Спасибо вам, учителя / слова В. Викторова ; 18. Туныктышемлан / мутшо А. Баязитован ; 19. Гимн Центра детского творчества / слова Н. Барышниковой ; 20. Гимн патриотического клуба "Наследник" / сло ...
606 1 _aВокальная музыка российских композиторов
_jНоты
_2nlr_sh
606 1 _aВокальная музыка марийских композиторов
_yРоссия (Марий Эл)
_z20-21 вв.
_jНоты
_2nlr_sh
686 0 _aЩ94-99-041.5(2Р)я44
686 0 _aЩ94-99-041.5(2Р=Мар)
700 1 _9z02790
_aЛуничкина
_bС. С.
_cБогданова
_f1973-
_gСветлана Станиславовона
_4230
_7ca
790 1 _9z02700
_aLuničkina
_bS. S.
_cBogdanova
_f1973-
_gSvetlana Stanislavovna
_4230
_7ba
801 0 _aRU
_bNLR
_c20221219
_gPSBO
801 1 _aRU
_bNLR
_c20221219
_2rusmarc
801 2 _aRU
_bNLR
_c20230207
852 _aNLR
_bМ
_jК-3/31150
_pМОЭ 45982
_t1
852 _aNLR
_bМ
_jК-3/31150а
_pМОЭ 45983
_t2
942 _cSCORE
980 _aNB
980 _aONIZ